| 000 | 01443nam a2200349 a 4500 | ||
|---|---|---|---|
| 001 | ebr10266067 | ||
| 003 | CaPaEBR | ||
| 006 | m u | ||
| 007 | cr cn||||||||| | ||
| 008 | 050110s2005 ilua sb s001 0 eng | ||
| 010 | _z 2005000612 | ||
| 020 | _z0226514625 (hardcover : alk. paper) | ||
| 040 |
_aCaPaEBR _cCaPaEBR |
||
| 035 | _a(OCoLC)646784361 | ||
| 050 | 1 | 4 |
_aP117 _b.M359 2005eb |
| 100 | 1 | _aMcNeill, David. | |
| 245 | 1 | 0 |
_aGesture and thought _h[electronic resource] / _cDavid McNeill. |
| 260 |
_aChicago : _bUniversity of Chicago Press, _cc2005. |
||
| 300 |
_axii, 318p. : _bill. |
||
| 504 | _aIncludes bibliographical references and index. | ||
| 505 | 0 | _aWhy gestures? -- How gestures carry meaning -- Two dimensions -- Imagery-language dialectic -- Discourse -- Children and whorf -- Neurogesture -- The thought-language-hand link and language origins. | |
| 533 |
_aElectronic reproduction. _bPalo Alto, Calif. : _cebrary, _d2013. _nAvailable via World Wide Web. _nAccess may be limited to ebrary affiliated libraries. |
||
| 650 | 0 | _aGesture. | |
| 650 | 0 | _aPsycholinguistics. | |
| 650 | 0 | _aThought and thinking. | |
| 650 | 0 | _aSpeech. | |
| 650 | 0 | _aSign language. | |
| 650 | 0 | _aLanguage and languages. | |
| 655 | 7 |
_aElectronic books. _2local |
|
| 710 | 2 | _aebrary, Inc. | |
| 856 | 4 | 0 |
_uhttp://site.ebrary.com/lib/rucke/Doc?id=10266067 _zAn electronic book accessible through the World Wide Web; click to view |
| 999 |
_c11022 _d11022 |
||